Влаковете (Запис номер 125517)
[ съкратено ]
| 000 -Лидер | |
|---|---|
| Контролно поле с фиксирана дължина | 02065nam a2200433 c 4500 |
| 003 - Код на организацията, давaща контролен номер | |
| Контролно поле | BLK |
| 005 - Дата и час на последна редакция | |
| Контролно поле | 20250510120721.0 |
| 008 - Елементи от данни с фиксирана дължина | |
| fixed length control field | 180409b bul|||||r ||||||| ||bul|| |
| 010 ## - Наследен системен номер | |
| LC control number | KNG00131189000 |
| 020 ## - Международен стандартен номер на книга ISBN | |
| Международен стандартен номер на книга ISBN | 978-954-761-474-1 |
| -- | издат.: ИнфоДар |
| 040 ## - Източник на каталожния запис | |
| Идентификатор на билиотеката - собственик на записа | BLK |
| 041 ## - Код за език | |
| Код за езика на текст/звукозапис или на отделно заглавие | Български |
| Код за езика КДБФ | Български |
| 072 #7 - Код за тематичната категория | |
| Код организация | bullib |
| Код за тематична категория | Н86 |
| Текст | Детска отраслова литература Н |
| 080 ## - УДК | |
| Текстов определител УДК | Тяга на влаковете. Подвижен състав. Локомотиви. Вагони. Вж и 625.1/.5; 656.2/.4 |
| УДК код - определител по УДК | 629.4 |
| УДК определител | (100)(091):087.5 |
| УДК - код + определител | 629.4(100)(091):087.5 |
| 100 1# - Редна дума - Автор | |
| Автор | Стийл, Филип |
| Авторска отговорност | първи автор |
| R(LIN) | 368748 |
| 139 ## - Редно поле | |
| Редна дума | Стийл, Филип |
| Авторски знак | Сти - С 76 |
| 245 10 - Сведения за заглавието | |
| Заглавие | Влаковете |
| Подзаглавни данни | Ист. на световноизвестните влакове и железници с разгъвки и плъзгащи се панели |
| Редно поле (дума) | Филип Стийл; консултант Майкъл Р. Бейли; прев. Лора Шумкова; ил. Себастиан Куигли; ил. Никълъс Фордър. |
| 257 ## - Страна на издаване | |
| Страна на създаване/издаване | Великобритания |
| 260 ## - Област на издателските данни | |
| -- | София |
| Име на издателя, разпространителя и проч. | ИнфоДар |
| Година на издаване | 2011 |
| Печатница | Отпеч. в Китай |
| 300 ## - Физическа характеристика | |
| Страници | 30 с. |
| Илюстрации и др. | с цв. ил., к., 5 л. с плъзгащи се панели |
| Размери/Мащаб | 21x30 см |
| 380 ## - Жанр | |
| Жанр | Детска отраслова лит. |
| 490 1# - СЕРИИ (Колекции) | |
| Име на серия | Легендарни пътешествия |
| 500 ## - Общи забележки | |
| Забележка | Кор. опис. - Без сведение за ориг. загл. - Азб. показалец. |
| 650 #4 - Допълнително описание по предмет – тема | |
| Основно описание – тема или топоним | Влакове |
| 9 (RLIN) | 150914 |
| 653 ## - Ключова дума – ненормативна | |
| Ключова дума | влакове |
| 653 ## - Ключова дума – ненормативна | |
| Ключова дума | железници |
| 653 ## - Ключова дума – ненормативна | |
| Ключова дума | история |
| 659 ## - Тематичен бюлетин | |
| Тематичен бюлетин | Н |
| 700 1# - Други автори (авторска отговорност) | |
| Лично име | Бейли, Майкъл Р. |
| Автороска отговорност (Описва отношението между автора и произведението) | консултант |
| 9 (RLIN) | 319480 |
| 700 1# - Други автори (авторска отговорност) | |
| Лично име | Шумкова, Лора |
| Автороска отговорност (Описва отношението между автора и произведението) | прев. |
| 9 (RLIN) | 369105 |
| 700 1# - Други автори (авторска отговорност) | |
| Лично име | Куигли, Себастиан |
| Автороска отговорност (Описва отношението между автора и произведението) | ил. |
| 9 (RLIN) | 372305 |
| 700 1# - Други автори (авторска отговорност) | |
| Лично име | Фордър, Никълъс |
| Автороска отговорност (Описва отношението между автора и произведението) | ил. |
| 9 (RLIN) | 319481 |
| 852 ## - Местоположение | |
| Форматна сигнатура | Цб 255513 |
| 856 4# - Електронен адрес и достъп | |
| Електронен формат | pdf - файл |
| Път до файла /url/ | |
| 856 4# - Електронен адрес и достъп | |
| Електронен формат | pdf - файл |
| Път до файла /url/ | |
| 942 ## - АРТИКУЛИ | |
| Вид на библиотечния материал | Книги |
| Скрит в OPAC | Не |
| Koha issues (borrowed), all copies | 25 |
| 944 ## - СЪЗДАВАНЕ И РЕДАКЦИЯ на ЗАПИСА | |
| Създаване/Редакция | Създаване |
| Дата на регистрацията/редакция | 21.06.2012 |
| Служител, извършил регистрацията/редакцията | 30564 |
| Статус, дата на статуса | Анна Гръцманова |
| 944 ## - СЪЗДАВАНЕ И РЕДАКЦИЯ на ЗАПИСА | |
| Създаване/Редакция | Редакция |
| Дата на регистрацията/редакция | 03.12.2013 |
| Служител, извършил регистрацията/редакцията | |
| 999 ## - СИСТЕМНИ КОНТРОЛНИ НОМЕРА | |
| Koha biblionumber | 125517 |
| Koha biblioitemnumber | 125517 |
| Код за отписване | Код за изгубен артикул | Код за повреда | Коз за рестрикции | Код за отдаване | Артикулен № | Име на библиотеката - собственик | Име на библиотеката, в която се намира в момента | Статус (Текущо местоположение) | Дата на вписване в системата | Местоположение - отдел | Цена в лева | Инвентарен номер | Систематично азбучна сигнатура | Баркод | Номер на екземпляра | Цена в евро | Служебна бележка | Служебен тип на артикула | Източник на класификационната схема |
|---|---|---|---|---|---|---|---|---|---|---|---|---|---|---|---|---|---|---|---|
| Не е изгубен | Не е повреден | без рестрикции | заемане за дома | 204165 | Регионална библиотека "Любен Каравелов" Русе | Регионална библиотека "Любен Каравелов" Русе | Детски отдел | 2012-06-21 | Детски отдел | 18.39 | 120000758516 | ДН 629/С 76 | 120000758516 | 1 | 9.40 | Дост: DA Вид: А N: 12 Дата: 21.06.2012 Дата инв: 21.08.2015 Бележки инв: Д2015 | Книги | ||
| Не е изгубен | Не е повреден | без рестрикции | ползва се в читалня | 204166 | Регионална библиотека "Любен Каравелов" Русе | Регионална библиотека "Любен Каравелов" Русе | Хранилище | 2013-07-11 | Хранилище | 24.90 | 120000768108 | Цб 255513 | 120000768108 | 2 | 12.73 | Дост: Dp Вид: Д N: 13 Дата: 26.03.2012 | Книги | ||
| Не е изгубен | Не е повреден | без рестрикции | заемане за дома | 684033 | Регионална библиотека "Любен Каравелов" Русе | Регионална библиотека "Любен Каравелов" Русе | Детски отдел | 2018-12-04 | Детски отдел | 10.00 | 120000826409 | ДН 629/С 76 | 120000826409 | 5.11 | Книги | Universal Decimal Classification |